| 000 | 00718nam a22001817a 4500 | ||
|---|---|---|---|
| 003 | OSt | ||
| 005 | 20250320084808.0 | ||
| 008 | 240903b ||||| |||| 00| 0 eng d | ||
| 040 | _c0 | ||
| 082 | _aDPer 808.042 C686 June 2019 - February 2020, v. 70-71, n. 1-4. | ||
| 100 |
_aTwigg, Marnie. _eauthor. _959962 |
||
| 245 |
_aLast verse same as the first? on racial justice and "covering" allyship in compositionist identities / _cMarnie Twigg. |
||
| 260 |
_aUSA ; _bNational Council of Teachers of English, _cSeptember 2019. |
||
| 300 | _avolume 71, pages 7-30. | ||
| 500 | _aCollege Composition & Communication, v. 71 n. 1, pages 7-30, September 2019. | ||
| 700 |
_aTwigg, Marnie. _eauthor. _959962 |
||
| 942 |
_2ddc _cPER |
||
| 999 |
_c21238 _d21238 |
||